LEADER 01479nam a2200313 u 4500 001 000000053209 003 CaOOAMICUS 005 20070226115532.0 008 001109s1997 it u000 u ita u 020 $a8870232328 035 $a10860752 040 $aPUL$bita 100 1 $aBarbieri, Gianfranco.$0(OLS)http://pul/name/37871 245 10$aDon Carlo Sonzini (1878-1957) :$bintransigenza teologica e presenza sociale in un prete giornalista della prima metą del Novecento /$cGianfranco Barberi. 260 $aMilano :$bNED,$c1997. 300 $a339 p. ;$c24 cm 490 1 $aDissertazione dottorale in teologia ;$v25 500 $aIn testa al front.: Facoltą teologica dell'Italia Settentrionale. 504 $aBibliografia: p. 293-318. 600 14$aSonzini, Carlo,$csac.,$d1878-1957.$0(OLS)http://pul/subject/22023 710 2 $aFacoltą teologica dell'Italia settentrionale.$0(OLS)http://pul/name/10074 830 0$aDissertazione dottorale in teologia ;$v25.$0(OLS)http://pul/title/71352 850 $aPUL 852 $aPUL$W1$xDP1 Tesi Varie$y51$mTH VAR 161$j199577$nBK-PRI$b $qTesi$B70235$CPULBib$Z2$F70235 $82 941 1 $a16 961 $aINV: 82384 996 $6020$a8870232328$9(OLS)http://pul/number/67086 996 $6245$aDon Carlo Sonzini (1878-1957) :$bintransigenza teologica e presenza sociale in un prete giornalista della prima metą del Novecento$9(OLS)http://pul/title/71361 996 $6260$aMilano :$bNED$9(OLS)http://pul/publisher/68515 LEADER 01241nam a2200277 a 4500 001 000000171280 003 CaOOAMICUS 005 20181221152017.0 008 181221s1998 it a 000 u ita r 020 $a88-7448-858-0* 032 $aLibriCat 040 $aPUL$bita 082 14$a738 100 1 $aTiberia, Vitaliano.$0(OLS)http://pul/name/65070 245 13$aIl mosaico restaurato : $bl'arco della basilica dei Santi Cosma e Damiano / $cVitaliano Tiberia ; presentazioni di Paul Poupard e Claudio Strinati ; appendici di Marco Verita e Salvatore Barcellona. 260 $aRoma :$bGangemi,$c©1998. 300 $a95 p. : $bill. ; $c24 cm. 650 4$aMosaici$zItalia$zRoma.$0(OLS)http://pul/subject/26991 850 $aPUL 852 $aPUL$W1$xDP2 Cons. Gen., Altre Classi 3$y97$m738 TIBVI 1$j194961$qDDC 21$B199861$CPULBib$Z2$F199861 $H132023 $81 941 1 $a9 996 $6020$a88-7448-858-0*$9(OLS)http://pul/number/165596 996 $6082$a738$9(OLS)http://pul/classification/269 996 $6245$aIl mosaico restaurato : $bl'arco della basilica dei Santi Cosma e Damiano / $9(OLS)http://pul/title/212122 996 $6260$aRoma :$bGangemi$9(OLS)http://pul/publisher/62108